5HLuxD.jpg

KING HENRY VIII SENIOR AND PRIMARY SCHOOL LIBRARY OPAC

ANIMAL MUSIC (Record no. 4841)

000 -LEADER
fixed length control field 00315nam a22001217a 4500
008 - FIXED-LENGTH DATA ELEMENTS--GENERAL INFORMATION
fixed length control field 250325b ||||| |||| 00| 0 eng d
020 ## - INTERNATIONAL STANDARD BOOK NUMBER
International Standard Book Number 9781447210955
082 ## - DEWEY DECIMAL CLASSIFICATION NUMBER
Classification number 823.92 DON
100 ## - MAIN ENTRY--PERSONAL NAME
Personal name DONALSON,JULIA
Relator term AUTHOR
245 ## - TITLE STATEMENT
Title ANIMAL MUSIC
260 ## - PUBLICATION, DISTRIBUTION, ETC.
Place of publication, distribution, etc. 20 NEW WHARF ROAD,LONDON N19RR
Name of publisher, distributor, etc. MACMILLAN
Date of publication, distribution, etc. 2014
942 ## - ADDED ENTRY ELEMENTS (KOHA)
Source of classification or shelving scheme
Holdings
Withdrawn status Lost status Source of classification or shelving scheme Damaged status Not for loan Collection code Permanent Location Current Location Shelving location Date acquired Total Checkouts Full call number Barcode Date last seen Date last checked out Price effective from Koha item type Public note
          Fiction KH8 Primary School Library KH8 Primary School Library Fiction 2025-03-25 4 E FIC DON KHPL000006681 2026-01-20 2026-01-13 2025-03-25 Books - Fiction KH8 PRIMARY LIBRARY

Powered By KH8 IT Dept